00532nam a22002057a 450000500170000001000110001702000100002803500110003803700160004904000120006508200150007710000170009224500570010926000520016627000350021830000200025350000190027365000140029265000200030620170124105926.0 a145004 c00.00 a145004 bCen Lib/Ret aDPLbEN a027.8bSTO aStott, C. A. aSchool libraries :cby C. A. Stottba short manual / aGreat BritainbCambridge University Pressc1947 bGreat Britaina121, M. G. Road a148p.c18cm(Hb) aIncludes index aLibraries aLibrary schools